<?xml version="1.0" encoding="UTF-8"?>
<collection xmlns="http://www.loc.gov/MARC21/slim">
    <record>
        <controlfield tag="001">79805</controlfield>
        <controlfield tag="005">20190826150442.0</controlfield>
        <datafield tag="024" ind1="7" ind2=" ">
            <subfield code="2">doi</subfield>
            <subfield code="a">10.26758/8.1.5</subfield>
        </datafield>
        <datafield tag="024" ind1="8" ind2=" ">
            <subfield code="2">sideral</subfield>
            <subfield code="a">112626</subfield>
        </datafield>
        <datafield tag="037" ind1=" " ind2=" ">
            <subfield code="a">ART-2018-112626</subfield>
        </datafield>
        <datafield tag="041" ind1=" " ind2=" ">
            <subfield code="a">eng</subfield>
        </datafield>
        <datafield tag="100" ind1=" " ind2=" ">
            <subfield code="0">(orcid)0000-0001-5073-4465</subfield>
            <subfield code="a">Boira Sarto, Santiago José</subfield>
            <subfield code="u">Universidad de Zaragoza</subfield>
        </datafield>
        <datafield tag="245" ind1=" " ind2=" ">
            <subfield code="a">A preliminary analysis of gender violence among migrants and displaced people in Europe</subfield>
        </datafield>
        <datafield tag="260" ind1=" " ind2=" ">
            <subfield code="c">2018</subfield>
        </datafield>
        <datafield tag="506" ind1="0" ind2=" ">
            <subfield code="a">Access copy available to the general public</subfield>
            <subfield code="f">Unrestricted</subfield>
        </datafield>
        <datafield tag="520" ind1="3" ind2=" ">
            <subfield code="a">Background. The vulnerability of migrant women, especially those coming from patriarchal societies, leads to the increase of gender violence. This is incremented by a myriad of socioecological determinants related to the immigration process and to the nature of male-female relationships.
Objectives. The main objective is to conduct a preliminary analysis of recent publications dealing with the relations between gender violence and migrant populations in the European Union, including internally displaced people.
Materials and methods. This paper is based on a revision of scientific publications from SCOPUS that relate to migrant women who are victims of gender violence in the European Union. The qualitative thematic analysis was used in order to identify the main issues targeted in the articles.
Results. The thematic analysis of the studies reviewed dealing with migration and gender violence highlighted several important themes, including prevalence of violence against migrant women; the forms and contexts of gender violence; the impact of legal, economic environments and sociocultural barriers; the influence of conflict and war; the impact and consequences of violence, especially on women’s mental health, as well as strategies and suggestions for interventions.
Conclusions. Increasing the awareness of migration, regarding the conflicts and problems experienced by migrants (of both genders), could enable health and legal authorities to offer more significant culture and gender sensitive services, thus reducing gender violence.</subfield>
        </datafield>
        <datafield tag="540" ind1=" " ind2=" ">
            <subfield code="9">info:eu-repo/semantics/openAccess</subfield>
            <subfield code="a">by</subfield>
            <subfield code="u">http://creativecommons.org/licenses/by/3.0/es/</subfield>
        </datafield>
        <datafield tag="655" ind1=" " ind2="4">
            <subfield code="a">info:eu-repo/semantics/article</subfield>
            <subfield code="v">info:eu-repo/semantics/publishedVersion</subfield>
        </datafield>
        <datafield tag="700" ind1=" " ind2=" ">
            <subfield code="a">Nudelman, Anita</subfield>
        </datafield>
        <datafield tag="700" ind1=" " ind2=" ">
            <subfield code="a">Tina (Tiko) Tsomaia</subfield>
        </datafield>
        <datafield tag="710" ind1="2" ind2=" ">
            <subfield code="1">4009</subfield>
            <subfield code="2">813</subfield>
            <subfield code="a">Universidad de Zaragoza</subfield>
            <subfield code="b">Dpto. Psicología y Sociología</subfield>
            <subfield code="c">Área Trabajo Social y Serv.Soc</subfield>
        </datafield>
        <datafield tag="773" ind1=" " ind2=" ">
            <subfield code="g">8 (2018), 49-62</subfield>
            <subfield code="p">Anthropol. Res. Stud</subfield>
            <subfield code="t">Anthropological Researches and Studies</subfield>
            <subfield code="x">2360-3445</subfield>
        </datafield>
        <datafield tag="856" ind1="4" ind2=" ">
            <subfield code="s">230923</subfield>
            <subfield code="u">http://zaguan.unizar.es/record/79805/files/texto_completo.pdf</subfield>
            <subfield code="y">Versión publicada</subfield>
        </datafield>
        <datafield tag="856" ind1="4" ind2=" ">
            <subfield code="s">97325</subfield>
            <subfield code="u">http://zaguan.unizar.es/record/79805/files/texto_completo.jpg?subformat=icon</subfield>
            <subfield code="x">icon</subfield>
            <subfield code="y">Versión publicada</subfield>
        </datafield>
        <datafield tag="909" ind1="C" ind2="O">
            <subfield code="o">oai:zaguan.unizar.es:79805</subfield>
            <subfield code="p">articulos</subfield>
            <subfield code="p">driver</subfield>
        </datafield>
        <datafield tag="951" ind1=" " ind2=" ">
            <subfield code="a">2019-08-26-13:49:44</subfield>
        </datafield>
        <datafield tag="980" ind1=" " ind2=" ">
            <subfield code="a">ARTICLE</subfield>
        </datafield>
    </record>

    
</collection>